Invisible evidence /

Saved in:
Bibliographic Details
Main Author: Winn, Patrick
Format: Book
Language:English
Published: London : Hale, 1963.
LEADER 00707nam a2200205 a 4500
001 c000093046
003 CARM
005 00000000000000.0
008 940222s1963 enk 00011 eng d
019 1 |a 10715482  |5 LACONCORD2021 
035 |a (OCoLC)30214321  |5 LACONCORD2021 
040 |a VLINC  |c VLINC 
100 1 |a Winn, Patrick. 
245 1 0 |a Invisible evidence /  |c by Patrick Winn. 
260 |a London :  |b Hale,  |c 1963. 
300 |a 191 p. ;  |c 21 cm. 
852 8 |b CARM  |h A2:AB11A0  |i B02606  |p 0106491  |f BK 
082 0 4 |a 823.914  |2 20 
999 f f |i 9785a3de-f49b-5d1e-9eed-4d3ff4260b49  |s f83d2dea-43df-5dc3-bf4a-85013838069b 
952 f f |p Can circulate  |a CAVAL  |b CAVAL  |c CAVAL  |d CARM 1 Store  |e B02606  |f A2:AB11A0  |h Other scheme  |i book  |m 0106491